[Event "Winnipeg TNT Jan op"]
[Site "Winnipeg"]
[Date "2001.01.09"]
[Round "1"]
[White "Siegers, John"]
[Black "Khedkar, Jay S"]
[Result "0-1"]
[WhiteElo "1650"]
[BlackElo "2008"]
[PlyCount "88"]
[EventDate "2001.01.??"]
[EventType "swiss"]
[EventRounds "4"]
[EventCountry "CAN"]
[SourceTitle "EXT 2005"]
[Source "ChessBase"]
[SourceDate "2004.11.15"]
[SourceVersion "1"]
[SourceVersionDate "2004.11.15"]
[SourceQuality "1"]

1. e4 c5 2. Bc4 Nc6 3. Nf3 d6 4. c3 Nf6 5. Bd5 e6 6. Bxc6+ bxc6 7. e5 dxe5 8. Nxe5 Qd5 9. Nf3 Ba6 10. d4 Rd8 11. Be3 Be7 12. Nbd2 0-0 13. Qc2 cxd4 14. c4 Qd7 15. Nxd4 Bb4 16. 0-0-0 Ng4 17. Qa4 Nxe3 18. fxe3 c5 19. Qxd7 Rxd7 20. Nb5 Rfd8 21. Nb3 Bxb5 22. cxb5 c4 23. a3 cxb3 24. Rxd7 Rxd7 25. axb4 Kf8 26. Rd1 Ke7 27. Rxd7+ Kxd7 28. Kd2 Kc7 29. Kc3 Kb6 30. Kc4 h5 31. h4 f6 32. g3 g5 33. e4 gxh4 34. gxh4 f5 35. exf5 exf5 36. Kd4 Kxb5 37. Ke5 Kxb4 38. Kxf5 a5 39. Kg5 a4 40. Kxh5 a3 41. bxa3+ Kxa3 42. Kg5 b2 43. h5 b1Q 44. h6 Qh7 0-1